[Event "21st Heart of Finland"]
[Site "Jyvaskyla FIN"]
[Date "2011.07.15"]
[Round "7"]
[White "Kiltti,J"]
[Black "Sulskis,S"]
[Result "1/2-1/2"]
[WhiteElo "2254"]
[BlackElo "2591"]
[EventDate "2011.07.11"]

1. c4 e5 2. Nc3 Nf6 3. Nf3 Nc6 4. g3 e4 5. Ng5 Ng4 6. Ngxe4 f5 7. f3 Nge5
8. Nf2 Nxc4 9. e4 N4e5 10. f4 Nf7 11. d4 fxe4 12. d5 Ne7 13. Nfxe4 Nf5 14.
Bg2 g6 15. Qe2 Bg7 16. Nd6+ Kf8 17. Nxf5 gxf5 18. Bd2 Qe7 19. O-O-O Qxe2
20. Nxe2 c5 21. dxc6 dxc6 22. Bb4+ Kg8 23. Rhe1 h5 24. Nd4 h4 25. Re8+ Kh7
26. Rxh8+ Bxh8 27. gxh4 Bxd4 28. Rxd4 Be6 29. Kb1 Nh6 30. Be7 Re8 31. Bg5
Ng4 32. Rd2 Bd5 33. Bxd5 Re1+ 34. Kc2 Ne3+ 35. Kb3 Nxd5 36. h5 b5 37. a4
Re3+ 38. Kc2 bxa4 39. Rd4 a3 40. bxa3 Rxa3 41. h4 Ra5 42. Kb3 Rb5+ 43. Kc4
a5 44. Rd2 a4 45. Re2 a3 46. Ra2 Rb4+ 47. Kc5 Rb3 48. Kc4 Re3 49. Kc5 Rf3
50. Ra1 Nxf4 51. Kxc6 Ne2 52. Kc5 f4 53. Bxf4 Nxf4 54. Kb4 Nd5+ 55. Kc5 Nf6
56. Kb4 Kh6 57. Rxa3 Nd5+ 58. Ka4 Nb6+ 59. Kb4 Nd5+ 60. Ka4 Rf5 61. Kb5
Kxh5 62. Kc4 Kg4 63. Ra1 Ne3+ 64. Kd3 Kf3 65. h5 Rxh5 66. Ra8 Rd5+ 67. Kc3
Ng4 68. Kc4 Ke4 69. Rh8 Ne5+ 70. Kb3 Rb5+ 71. Kc3 Rc5+ 72. Kb3 Rc7 73. Rh4+
Ke3 74. Rh3+ Nf3 75. Kb4 Ke4 76. Rh8 Rc1 77. Re8+ Kd3 78. Rh8 Rc4+ 79. Kb5
Nd4+ 80. Kb6 Rc6+ 81. Kb7 Rg6 82. Kc7 Ke4 83. Rh4+ Ke5 84. Rh5+ Nf5 85. Rh1
Kd5 86. Rd1+ Nd4 87. Kb7 Rh6 88. Kc7 Rc6+ 89. Kd7 Rc3 90. Ke7 Rf3 91. Rd2
Rf1 92. Rd3 Ke4 93. Rh3 Nf5+ 94. Kd7 Rc1 95. Ra3 Nd4 96. Ra4 Rc5 97. Ra1
Ke5 98. Re1+ Kd5 99. Rd1 Ra5 100. Ke7 Ra7+ 101. Kf6 Ra6+ 102. Kf7 Ke5 103.
Re1+ Kf4 104. Rf1+ Nf3 105. Ke7 Ke4 106. Kd7 Rf6 107. Ra1 Rf7+ 108. Kd6 Rh7
109. Kc5 Nd2 110. Re1+ Kd3 111. Kc6 Ne4 112. Rd1+ Kc4 113. Rc1+ Nc3 114.
Kd6 Kd4 115. Ke6 Ra7 1/2-1/2

[Event "21st Heart of Finland"]
[Site "Jyvaskyla FIN"]
[Date "2011.07.15"]
[Round "7"]
[White "Kanep,M"]
[Black "Yrjola,J"]
[Result "1/2-1/2"]
[WhiteElo "2531"]
[BlackElo "2366"]
[EventDate "2011.07.11"]

1. d4 Nf6 2. c4 g6 3. Nc3 Bg7 4. e4 d6 5. f3 O-O 6. Be3 c5 7. Nge2 Nc6 8.
d5 Ne5 9. Ng3 h5 10. Be2 h4 11. Nf1 e6 12. Nd2 exd5 13. cxd5 a6 14. a4 Bd7
15. a5 b5 16. axb6 Qxb6 17. Ra2 Qb4 18. O-O Bb5 19. Qc2 Nfd7 20. Nxb5
1/2-1/2

[Event "21st Heart of Finland"]
[Site "Jyvaskyla FIN"]
[Date "2011.07.15"]
[Round "7"]
[White "Agopov,M"]
[Black "Franssila,T"]
[Result "1-0"]
[WhiteElo "2443"]
[BlackElo "2213"]
[EventDate "2011.07.11"]

1. e4 c5 2. Nf3 d6 3. d4 cxd4 4. Nxd4 Nf6 5. Nc3 a6 6. Be2 e6 7. O-O Be7 8.
Be3 O-O 9. f4 Qc7 10. a4 Nc6 11. Kh1 Re8 12. Bf3 Bd7 13. Nb3 Nb4 14. Rf2 e5
15. Rd2 Be6 16. f5 Bc4 17. g4 Rad8 18. g5 Nxe4 19. Bxe4 d5 20. f6 Bf8 21.
fxg7 Bxg7 22. Bg2 d4 23. Ne4 dxe3 24. Nf6+ Bxf6 25. gxf6 e2 26. Qe1 e4 27.
Qh4 Kh8 28. Qh6 Rg8 29. Bxe4 Rg6 30. Bxg6 Qc6+ 31. Kg1 Qb6+ 32. Rd4 1-0

[Event "21st Heart of Finland"]
[Site "Jyvaskyla FIN"]
[Date "2011.07.15"]
[Round "7"]
[White "Lauk,U"]
[Black "Valli,F"]
[Result "1/2-1/2"]
[WhiteElo "2403"]
[BlackElo "2242"]
[EventDate "2011.07.11"]

1. e4 e5 2. Nf3 Nc6 3. Bb5 a6 4. Ba4 Nf6 5. d3 b5 6. Bb3 Bc5 7. Nc3 h6 8.
a4 Rb8 9. axb5 axb5 10. Be3 d6 11. h3 Nd4 12. Bxd4 Bxd4 13. Nxd4 exd4 14.
Ne2 c5 15. O-O O-O 16. c3 dxc3 17. Nxc3 Re8 18. Ra7 Be6 19. Bxe6 Rxe6 20.
Qb3 c4 21. dxc4 bxc4 22. Qxc4 Rxb2 23. Rc7 Rb8 24. Ra1 Re7 25. Raa7 Rxc7
26. Rxc7 Qe8 27. g3 Rd8 28. Nd5 Nxd5 29. Qxd5 Qe6 30. Qxe6 fxe6 31. Kf1 Kh7
32. Re7 Kg6 33. e5 dxe5 34. Rxe6+ Kf5 35. Re7 Kf6 36. Ra7 h5 37. Ra6+ Kf5
38. Ra5 Kf6 39. Ke2 Rd4 40. Ra8 Kf7 41. h4 g6 42. Ra6 Rb4 43. Ke3 Rc4 44.
Rb6 Ra4 45. Rc6 Rb4 46. Kd3 Rd4+ 47. Ke2 Ra4 48. Kf3 Rb4 49. Ra6 Rc4 50.
Ra1 Kf6 51. Ra8 1/2-1/2

[Event "21st Heart of Finland"]
[Site "Jyvaskyla FIN"]
[Date "2011.07.15"]
[Round "7"]
[White "Sepman,Y"]
[Black "Kiuttu,R"]
[Result "1-0"]
[WhiteElo "2319"]
[BlackElo "2283"]
[EventDate "2011.07.11"]

1. e4 c5 2. Nc3 Nc6 3. Nf3 e6 4. Bb5 Nd4 5. O-O a6 6. Bd3 Nc6 7. Be2 Qc7 8.
d4 cxd4 9. Nxd4 Nf6 10. Kh1 Nxd4 11. Qxd4 Bc5 12. Qd2 b5 13. Qg5 O-O 14.
Bf4 d6 15. e5 Nd7 16. exd6 Bxd6 17. Bxd6 Qxd6 18. Rfd1 Qc5 19. Qxc5 Nxc5
20. b4 Nd7 21. a4 bxa4 22. Nxa4 Ra7 23. Rd6 Re8 24. c4 Rc7 25. c5 Nb8 26.
Nb6 Bb7 27. Nc4 Kf8 28. Na5 Bc8 29. Rad1 Ke7 30. Kg1 Rd7 31. Rxd7+ Bxd7 32.
Rd6 Rd8 33. f4 Ba4 34. Rb6 Rd2 35. Bf3 Nd7 36. Rxa6 Rc2 37. Ra7 Kf6 38. Nb7
Bb3 39. Nd6 Ke7 40. Bc6 1-0

[Event "21st Heart of Finland"]
[Site "Jyvaskyla FIN"]
[Date "2011.07.15"]
[Round "7"]
[White "Pudas,T"]
[Black "Koykka,P"]
[Result "1-0"]
[WhiteElo "2228"]
[BlackElo "2205"]
[EventDate "2011.07.11"]

1. e4 Nf6 2. e5 Nd5 3. c4 Nb6 4. d4 d6 5. Nf3 Bg4 6. exd6 exd6 7. h3 Bh5 8.
Be2 Be7 9. O-O O-O 10. Nc3 Nc6 11. b3 Bf6 12. Be3 d5 13. c5 Nc8 14. b4 Bxf3
15. Bxf3 N8e7 16. b5 Na5 17. Qd3 g6 18. Rfe1 c6 19. g4 Nc4 20. bxc6 bxc6
21. Bf4 g5 22. Bg3 Bg7 23. Rab1 Qd7 24. Rxe7 Qxe7 25. Nxd5 cxd5 26. Bxd5
Na5 27. Bd6 Qd7 28. Qb5 Qxb5 29. Rxb5 Rad8 30. Rxa5 Rxd6 31. cxd6 Bxd4 32.
Bc6 h6 33. d7 Rd8 34. Ra4 Bb6 35. Re4 Kg7 36. Kf1 Kg6 37. Re8 h5 38. Ke2
hxg4 39. hxg4 Kg7 40. Kd3 Kf6 41. Kc4 Kg7 42. Kd5 Kf6 43. Kd6 Ba5 44. a3
Bb6 45. f4 gxf4 46. g5+ 1-0

[Event "21st Heart of Finland"]
[Site "Jyvaskyla FIN"]
[Date "2011.07.15"]
[Round "7"]
[White "Kivimaki,Ja"]
[Black "Kuzevanova,E"]
[Result "1/2-1/2"]
[WhiteElo "2190"]
[BlackElo "2096"]
[EventDate "2011.07.11"]

1. d4 Nf6 2. Nf3 g6 3. b4 Bg7 4. e3 O-O 5. a4 d5 6. Ba3 Nbd7 7. c3 a5 8. b5
c5 9. bxc6 bxc6 10. Nbd2 Re8 11. Nb3 Ne4 12. Qc2 e5 13. Nfd2 Nxd2 14. Qxd2
Rb8 15. Nc5 Nxc5 16. Bxc5 Bf5 17. Bd3 Bxd3 18. Qxd3 Rb2 19. O-O e4 20. Qa6
Qa8 21. Qxa8 Rxa8 22. Rfc1 Rab8 23. Bd6 R8b7 24. h3 Bf8 25. Bxf8 Kxf8 26.
c4 dxc4 27. Rxc4 Rb1+ 28. Rxb1 Rxb1+ 29. Kh2 Ra1 30. Kg3 Ra2 31. Rxc6 Rxa4
32. Kf4 Ra2 33. f3 exf3 34. gxf3 a4 35. Ra6 Ra3 36. Ra7 g5+ 37. Kxg5 Rxe3
38. Kf4 Ra3 39. d5 Ra1 40. d6 Kg7 41. Ra5 a3 42. Rd5 a2 43. d7 Rg1 44. d8=Q
a1=Q 45. Rg5+ Rxg5 46. Qxg5+ Kf8 47. Qf5 Qc1+ 48. Kg4 Qh6 49. Qc5+ Ke8 50.
Qb5+ Kf8 51. Qb8+ Kg7 52. Qe5+ Kf8 1/2-1/2

[Event "21st Heart of Finland"]
[Site "Jyvaskyla FIN"]
[Date "2011.07.15"]
[Round "7"]
[White "Immonen,V"]
[Black "Tiitta,S"]
[Result "1-0"]
[WhiteElo "2108"]
[BlackElo "2176"]
[EventDate "2011.07.11"]

1. e4 c5 2. Nf3 d6 3. d4 cxd4 4. Nxd4 Nf6 5. Nc3 a6 6. Be3 e5 7. Nf3 Be7 8.
Bc4 O-O 9. O-O Be6 10. Bxe6 fxe6 11. Na4 Nfd7 12. c4 Nc6 13. Qe2 Rc8 14.
Rfd1 Qe8 15. Rac1 Qg6 16. Nb6 Nxb6 17. Bxb6 Rf4 18. Nd2 Nd4 19. Bxd4 exd4
20. b4 e5 21. b5 axb5 22. cxb5 Rff8 23. Rc4 Qe6 24. Rdc1 Bg5 25. Rxc8 Rxc8
26. Rxc8+ Qxc8 27. Qc4+ Qxc4 28. Nxc4 Be7 29. a4 d5 30. exd5 Bc5 31. Nxe5
b6 32. Kf1 Kf8 33. Nd7+ Ke7 34. Nxc5 bxc5 35. Ke2 Kd6 36. b6 c4 37. a5 1-0

[Event "21st Heart of Finland"]
[Site "Jyvaskyla FIN"]
[Date "2011.07.15"]
[Round "7"]
[White "Jantti,P"]
[Black "Porrasmaa,T"]
[Result "1/2-1/2"]
[WhiteElo "2099"]
[BlackElo "2121"]
[EventDate "2011.07.11"]

1. d4 d6 2. Nf3 Nf6 3. c4 g6 4. Nc3 Bg7 5. e4 O-O 6. h3 c5 7. d5 a6 8. a4
e6 9. Bd3 b6 10. O-O e5 11. a5 Nbd7 12. Qa4 Rb8 13. Bd2 Nh5 14. Rfb1 Nf4
15. Bf1 Qf6 16. g3 Nxh3+ 17. Bxh3 Qxf3 18. Qc6 Nf6 19. Bg2 Qh5 20. Qxd6 Bh3
21. f3 Rfd8 22. Qc6 Bd7 23. Qc7 Ne8 24. Qa7 Bh6 25. Be1 Be3+ 26. Bf2 Qg5
27. Qxa6 Qxg3 28. Nd1 Bxf2+ 29. Nxf2 Nf6 30. b4 Nh5 31. Nh1 Qg5 32. Ra2
Qe3+ 33. Kh2 Qf4+ 34. Kg1 Qe3+ 35. Kh2 1/2-1/2

[Event "21st Heart of Finland"]
[Site "Jyvaskyla FIN"]
[Date "2011.07.15"]
[Round "7"]
[White "Wallin,A"]
[Black "Hintikka,E"]
[Result "1/2-1/2"]
[WhiteElo "2069"]
[BlackElo "2118"]
[EventDate "2011.07.11"]

1. c4 e5 2. g3 g6 3. Bg2 Bg7 4. Nc3 Ne7 5. d3 d6 6. Nf3 c6 7. O-O Nd7 8.
Rb1 a6 9. b4 b5 10. cxb5 axb5 11. a4 bxa4 12. Nxa4 O-O 13. Bd2 Nb6 14. Nc3
d5 15. Qc2 f5 16. Ra1 e4 17. Rxa8 Nxa8 18. Ne1 Nc7 19. e3 Ba6 20. Na4 Ne6
21. f3 Qd6 22. Rf2 exd3 23. Nxd3 1/2-1/2

[Event "21st Heart of Finland"]
[Site "Jyvaskyla FIN"]
[Date "2011.07.15"]
[Round "7"]
[White "Kilpela,P"]
[Black "Nyysti,S"]
[Result "1/2-1/2"]
[WhiteElo "2077"]
[BlackElo "2348"]
[EventDate "2011.07.11"]

1. c4 c5 2. b3 g6 3. Bb2 Nf6 4. Bxf6 exf6 5. Nc3 Nc6 6. g3 Bg7 7. Bg2 f5 8.
e3 h5 9. h4 O-O 10. Nge2 a6 11. Rc1 Rb8 12. O-O d6 13. d3 Bd7 14. a4 Qa5
15. Qc2 Nb4 16. Qd2 b5 17. axb5 axb5 18. cxb5 Bxb5 19. Nxb5 Qxb5 20. d4
Rfd8 1/2-1/2

[Event "21st Heart of Finland"]
[Site "Jyvaskyla FIN"]
[Date "2011.07.15"]
[Round "7"]
[White "Sassi,P"]
[Black "Tuomala,Ti"]
[Result "0-1"]
[WhiteElo "2069"]
[BlackElo "2240"]
[EventDate "2011.07.11"]

1. c4 g6 2. g3 Bg7 3. Bg2 c5 4. Nc3 Nc6 5. a3 Nf6 6. Rb1 O-O 7. b4 d6 8.
Nf3 Rb8 9. O-O Bf5 10. d3 Qd7 11. Be3 Ng4 12. Bd2 b6 13. e4 Be6 14. Ng5
Nge5 15. Be1 Nd4 16. h3 Nec6 17. Nd5 Nd8 18. b5 Bh6 19. Bd2 Bg7 20. f4 h6
21. Nxe6 fxe6 22. Ne3 Nf7 23. Qg4 Kh7 24. Rf2 h5 25. Qd1 Qe8 26. g4 hxg4
27. hxg4 g5 28. f5 Ne5 29. Bc1 Nf7 30. Bf1 Be5 31. fxe6 Nxe6 32. Qf3 Nf4
33. Nf5 Kg6 34. Bb2 e6 35. d4 cxd4 36. Nxd4 Rh8 37. Nc6 Rb7 38. Bc1 Rh4 39.
Bxf4 gxf4 40. Bd3 Ng5 41. Bf1 Qh8 0-1

[Event "21st Heart of Finland"]
[Site "Jyvaskyla FIN"]
[Date "2011.07.16"]
[Round "8"]
[White "Vorotnikov,V1"]
[Black "Rantanen,Y"]
[Result "0-1"]
[WhiteElo "2422"]
[BlackElo "2382"]
[EventDate "2011.07.11"]

1. d4 Nf6 2. Nf3 e6 3. e3 d5 4. c4 c5 5. Nc3 a6 6. cxd5 exd5 7. Be2 Nc6 8.
O-O Bd6 9. dxc5 Bxc5 10. a3 O-O 11. b4 Ba7 12. Bb2 Be6 13. b5 axb5 14. Nxb5
Bb8 15. Nfd4 Ne4 16. f4 Bd7 17. Bd3 Re8 18. Qh5 Nf6 19. Qh4 h6 20. Qg3 Na5
21. Rfd1 Qb6 22. a4 Nc4 23. Bxc4 dxc4 24. Rdc1 Ne4 25. Qe1 Nc5 26. Rxc4 Nd3
27. Qd2 Nxb2 28. Qxb2 Rxe3 29. Qf2 Re4 30. Rac1 Bxf4 31. Re1 Rxe1+ 32. Qxe1
Re8 33. Qb4 Be3+ 34. Kf1 Qf6+ 35. Nf3 Bh3 36. Nbd4 Bxd4 37. Qxb7 Re3 0-1

[Event "21st Heart of Finland"]
[Site "Jyvaskyla FIN"]
[Date "2011.07.16"]
[Round "8"]
[White "Sepman,Y"]
[Black "Jarvenpaa,J"]
[Result "1-0"]
[WhiteElo "2319"]
[BlackElo "2214"]
[EventDate "2011.07.11"]

1. e4 c6 2. d4 d5 3. exd5 cxd5 4. Bd3 Nc6 5. c3 Qc7 6. Ne2 Bg4 7. f3 Bd7 8.
Bf4 e5 9. dxe5 Nxe5 10. Bxe5 Qxe5 11. O-O Bd6 12. Ng3 O-O-O 13. Re1 Qg5 14.
Qd2 Bf4 15. Qf2 Kb8 16. Na3 h5 17. Nc2 Nf6 18. Ne2 Bc7 19. Qe3 Qh4 20. g3
Qa4 21. b3 Qc6 22. Ncd4 Qd6 23. Bf5 Rde8 24. Qg5 g6 25. Bxd7 Nxd7 26. Kg2
a6 27. Ng1 Ne5 28. Qd2 h4 29. f4 Ng4 30. Rxe8+ Rxe8 31. Re1 Rh8 32. Ngf3
Qd7 33. Nxh4 Nf6 34. Ndf3 Bb6 35. Qe2 Ne4 36. c4 Bc7 37. cxd5 Nc3 38. Qb2
Ba5 39. b4 Rxh4 40. Qxc3 Qh3+ 41. Kh1 Qxg3 42. Qe5+ Bc7 43. Nxh4 Qxh4 44.
d6 Bb6 45. d7+ Ka7 46. Rd1 Qg4 47. Qd5 Qxf4 48. d8=Q Bxd8 49. Qd4+ Qxd4 50.
Rxd4 Be7 51. Rd7 Bxb4 52. Rxf7 g5 53. Kg2 Kb6 54. Kf3 Kc6 55. Ke4 Bd6 56.
h3 Ba3 57. Rf6+ Kc7 58. Rf5 Be7 59. Kd5 Kd7 60. Rf7 b5 61. Rg7 a5 62. Rg8
Kc7 63. Rg7 Kd7 64. Rg8 Kc7 65. Ra8 Bb4 66. Ra7+ Kb6 67. Rg7 Bd2 68. Rg6+
Kc7 69. Rg7+ Kb6 70. Rg6+ Kc7 71. Kc5 b4 72. Rg7+ Kc8 73. Kb5 Kd8 74. Ra7
Kc8 75. Rxa5 b3 76. axb3 1-0

[Event "21st Heart of Finland"]
[Site "Jyvaskyla FIN"]
[Date "2011.07.16"]
[Round "8"]
[White "Pohjala,H"]
[Black "Agopov,M"]
[Result "0-1"]
[WhiteElo "2241"]
[BlackElo "2443"]
[EventDate "2011.07.11"]

1. d4 Nf6 2. c4 e6 3. Nc3 Bb4 4. e3 O-O 5. Bd3 d5 6. Nf3 c5 7. O-O Nc6 8.
a3 Bxc3 9. bxc3 Qc7 10. Qe2 Re8 11. Bb2 dxc4 12. Bxc4 e5 13. d5 e4 14. dxc6
Bg4 15. Qc2 exf3 16. g3 Qxc6 0-1

[Event "21st Heart of Finland"]
[Site "Jyvaskyla FIN"]
[Date "2011.07.16"]
[Round "8"]
[White "Sulskis,S"]
[Black "Pudas,T"]
[Result "1-0"]
[WhiteElo "2591"]
[BlackElo "2228"]
[EventDate "2011.07.11"]

1. Nf3 d5 2. d4 Bf5 3. c4 e6 4. Nc3 Bb4 5. Bg5 Ne7 6. Qb3 Nbc6 7. a3 dxc4
8. Qxc4 Qd5 9. e3 Bxc3+ 10. Qxc3 Be4 11. Bxe7 Nxe7 12. Be2 Nc6 13. Nd2 Bxg2
14. Rg1 Bh3 15. e4 Qxd4 16. Rg3 Bf5 17. exf5 exf5 18. Re3+ Kf8 19. Bf3 1-0

[Event "21st Heart of Finland"]
[Site "Jyvaskyla FIN"]
[Date "2011.07.16"]
[Round "8"]
[White "Yrjola,J"]
[Black "Lauk,U"]
[Result "1/2-1/2"]
[WhiteElo "2366"]
[BlackElo "2403"]
[EventDate "2011.07.11"]

1. d4 d5 2. c4 c6 3. Nf3 Nf6 4. e3 e6 5. Bd3 Nbd7 6. Nbd2 Bd6 7. e4 dxe4 8.
Nxe4 Nxe4 9. Bxe4 c5 10. O-O Qc7 11. Re1 Nf6 12. Bc2 Bd7 13. dxc5 Qxc5 14.
Be3 Qc7 15. Bd4 Bc6 16. Ne5 Rd8 17. Qe2 Bb4 18. Red1 Be7 19. Qe3 b6 20. Qg5
Ne4 21. Qh5 O-O 22. Nxc6 Qxc6 23. Qf3 f5 24. Bxe4 Qxe4 25. Qxe4 fxe4 26.
Kf1 Bf6 27. Bxf6 gxf6 28. Ke2 Rc8 29. b3 Rc7 30. Rd6 Kf7 31. Rad1 Ke7 32.
Ke3 f5 33. Kf4 Rg8 34. g3 Rg4+ 35. Ke3 Rg8 36. Kf4 Rg4+ 37. Ke3 1/2-1/2

[Event "21st Heart of Finland"]
[Site "Jyvaskyla FIN"]
[Date "2011.07.16"]
[Round "8"]
[White "Valli,F"]
[Black "Kiltti,J"]
[Result "1/2-1/2"]
[WhiteElo "2242"]
[BlackElo "2254"]
[EventDate "2011.07.11"]

1. e4 e5 2. Nf3 Nc6 3. d4 exd4 4. Nxd4 Bc5 5. Nxc6 bxc6 6. Bd3 d6 7. O-O
Ne7 8. Qh5 Ng6 9. Bg5 Qd7 10. h3 O-O 11. Nc3 Ne5 12. Be2 f6 13. Bd2 Qf7 14.
Qxf7+ Nxf7 15. Na4 Bb6 16. Rfe1 f5 17. Nxb6 axb6 18. Bf3 Ne5 19. Bd1 f4 20.
a4 1/2-1/2

[Event "21st Heart of Finland"]
[Site "Jyvaskyla FIN"]
[Date "2011.07.16"]
[Round "8"]
[White "Novik,Ma"]
[Black "Immonen,V"]
[Result "1/2-1/2"]
[WhiteElo "2478"]
[BlackElo "2108"]
[EventDate "2011.07.11"]

1. Nf3 Nf6 2. g3 g6 3. Bg2 Bg7 4. d4 O-O 5. c4 d6 6. O-O Nc6 7. Nc3 a6 8.
Bf4 Rb8 9. Rc1 Bg4 10. d5 Bxf3 11. exf3 Ne5 12. Qe2 c6 13. Bd2 cxd5 14.
Nxd5 Nxd5 15. cxd5 Nd7 16. Rc2 Nf6 17. f4 Qd7 18. Rfc1 Rfc8 19. Rxc8+ Rxc8
20. Rxc8+ Qxc8 21. Qxe7 Qc2 22. Bc3 Nxd5 23. Qxb7 Nxc3 24. bxc3 Qc1+ 25.
Bf1 Bxc3 26. Qxa6 Qd2 27. Qe2 Qxe2 28. Bxe2 d5 29. Kf1 Kf8 30. Bf3 d4 31.
Ke2 Ke7 32. Bd5 f6 33. Kd3 Kd6 34. Bg8 h6 35. Bh7 g5 36. fxg5 fxg5 37. f4
gxf4 38. gxf4 Ke6 39. Kc2 Kd5 40. Bd3 Ba5 41. h3 Bc7 42. f5 Bd8 43. Kb3 Kc5
44. Ka4 h5 45. Be2 h4 46. Bd3 Bc7 47. Kb3 Bd8 48. Kc2 Kd5 49. Kd2 Ke5 50.
Ke2 Kf4 51. Kf2 Ba5 52. a4 Bb6 53. f6 Ke5 54. f7 Bc5 55. Ke2 Kf6 56. Bc4
Ke7 57. a5 Bb4 58. a6 Bc5 59. Kd3 Ba7 60. Ke4 Kf8 61. Bb3 Ke7 62. Bc4 Kf8
63. Kd3 Ke7 64. Kc2 Kf8 65. Kb3 Ke7 66. Kb4 Kf8 67. Ka4 Ke7 68. Kb5 d3
1/2-1/2

[Event "21st Heart of Finland"]
[Site "Jyvaskyla FIN"]
[Date "2011.07.16"]
[Round "8"]
[White "Porrasmaa,T"]
[Black "Kiik,K"]
[Result "1/2-1/2"]
[WhiteElo "2121"]
[BlackElo "2425"]
[EventDate "2011.07.11"]

1. c4 e6 2. b3 d5 3. Bb2 c5 4. Nf3 d4 5. e3 Nc6 6. exd4 cxd4 7. g3 e5 8. d3
Bb4+ 9. Nbd2 Bf5 10. a3 Bc3 11. Qc1 Bxb2 12. Qxb2 h6 13. b4 Qe7 14. b5 Nb8
15. Qb4 Nd7 16. Qxe7+ Nxe7 17. O-O-O a6 18. a4 O-O 19. Kb2 axb5 20. axb5
Ra4 21. Be2 f6 22. Nb3 Nc8 23. Nh4 Bh7 24. Ra1 Ncb6 25. c5 Nxc5 26. Nxc5
Rb4+ 27. Nb3 Nd5 28. Ra5 Nc3 29. Bg4 f5 30. Bh5 f4 31. gxf4 Bxd3 32. Ng6
Bxg6 33. Bxg6 Rxf4 34. Ra8+ Rf8 35. Rha1 Rxb5 36. Kc2 Rb6 37. Bd3 Rbf6 38.
Bc4+ Kh7 39. Rxf8 Rxf8 40. Rf1 Rf4 41. Nc5 Kg6 42. f3 b5 43. Bd3+ Kf6 44.
Ne4+ Nxe4 45. Bxe4 Rh4 46. Rf2 Kg5 47. Rg2+ Kf4 48. Rxg7 Ke3 49. Rg2 b4 50.
Rd2 Rh5 51. Rd3+ Kf4 52. Rd2 Rh3 53. Kd3 Rh5 54. Rb2 Rh3 55. Kc4 Ke3 56.
Kxb4 Rh5 57. Kc4 Rg5 58. Kd5 Kf4 59. Rb6 Rh5 60. Rb2 Rg5 61. Rb6 Rh5
1/2-1/2

[Event "21st Heart of Finland"]
[Site "Jyvaskyla FIN"]
[Date "2011.07.16"]
[Round "8"]
[White "Mertanen,J"]
[Black "Hintikka,E"]
[Result "1-0"]
[WhiteElo "2333"]
[BlackElo "2118"]
[EventDate "2011.07.11"]

1. d4 Nf6 2. c4 e6 3. Nc3 Bb4 4. e3 b6 5. Nge2 c5 6. a3 Ba5 7. Bd2 O-O 8.
d5 exd5 9. Nxd5 Nxd5 10. cxd5 Bxd2+ 11. Qxd2 d6 12. Nf4 Nd7 13. Be2 Ne5 14.
O-O Qg5 15. Kh1 Bb7 16. Rad1 Rfe8 17. Nh5 Ng4 18. Bxg4 Qxg4 19. Ng3 f5 20.
f3 Qg5 21. Rfe1 g6 22. f4 Qf6 23. e4 Rad8 24. Re2 Re7 25. Rde1 Rde8 26. h3
Qf7 27. Kh2 h5 28. exf5 Rxe2 29. Rxe2 Rxe2 30. Nxe2 Qxf5 31. Nc3 Qf6 32.
Qe3 Kf7 33. Ne4 Qe7 34. Ng5+ Kf6 35. Qc3+ Kf5 36. g4+ Kxf4 37. Ne6+ Ke4 38.
Qe1+ Kxd5 39. Qe4+ 1-0

[Event "21st Heart of Finland"]
[Site "Jyvaskyla FIN"]
[Date "2011.07.16"]
[Round "8"]
[White "Kiuttu,R"]
[Black "Jantti,P"]
[Result "1-0"]
[WhiteElo "2283"]
[BlackElo "2099"]
[EventDate "2011.07.11"]

1. e4 c5 2. Nf3 Nc6 3. d4 cxd4 4. Nxd4 Nf6 5. Nc3 d6 6. Bg5 Bd7 7. Bxf6
gxf6 8. Be2 e6 9. Bh5 Qb6 10. Nb3 Ne5 11. Qe2 Rc8 12. f4 Nc4 13. O-O-O a5
14. Rd4 Na3 15. bxa3 Rxc3 16. Qd2 Rc5 17. Nxc5 Qxc5 18. Be2 Qxa3+ 19. Kb1
Bc6 20. Rf1 Qc5 21. Rf3 f5 22. Rc3 Qb6+ 23. Rb3 Qc5 24. exf5 Qxf5 25. Bf3
d5 26. Qxa5 Kd7 27. g4 Qf6 28. Rbd3 Bd6 29. c4 Bc7 30. Qd2 Bb6 31. cxd5 Bb5
32. dxe6+ Kc8 33. Rc3+ Kb8 34. Rd7 1-0

[Event "21st Heart of Finland"]
[Site "Jyvaskyla FIN"]
[Date "2011.07.16"]
[Round "8"]
[White "Tuomala,Ti"]
[Black "Ahvenjarvi,Jani"]
[Result "1/2-1/2"]
[WhiteElo "2240"]
[BlackElo "2092"]
[EventDate "2011.07.11"]

1. f4 d5 2. Nf3 Bg4 3. Ne5 Bh5 4. c4 f6 5. Nf3 c6 6. cxd5 cxd5 7. Qb3 Qd7
8. Nc3 e6 9. f5 exf5 10. Qxd5 Ne7 11. Qxd7+ Kxd7 12. b3 Nec6 13. Bb2 Na6
14. Nh4 Nab4 15. Rc1 Re8 16. Kf2 Bc5+ 17. e3 f4 18. Nf5 fxe3+ 19. Nxe3 Bd4
20. Na4 Bxb2 21. Nxb2 Nxa2 22. Ra1 Nab4 23. Bc4 Bg6 24. d4 Rxe3 25. Kxe3
Nc2+ 26. Kf2 Nxa1 27. Rxa1 a6 28. Na4 b5 29. Nc5+ Kd6 30. Bf1 Nxd4 31. b4
Nc2 32. Rxa6+ Kd5 33. Rb6 Nxb4 34. Rxb5 Nc6 35. Nb3+ Kd6 36. Rb7 Ne7 37.
Nd4 Be4 38. Nb5+ Ke6 39. Bc4+ Bd5 40. Rxe7+ Kxe7 41. Bxd5 Rb8 42. Bc4 Rc8
43. Bd3 g6 44. h4 Rc5 45. g3 1/2-1/2

[Event "21st Heart of Finland"]
[Site "Jyvaskyla FIN"]
[Date "2011.07.16"]
[Round "8"]
[White "Franssila,T"]
[Black "Wallin,A"]
[Result "1/2-1/2"]
[WhiteElo "2213"]
[BlackElo "2069"]
[EventDate "2011.07.11"]

1. d4 g6 2. e4 d6 3. Nc3 Nf6 4. f4 Bg7 5. Nf3 O-O 6. Bd3 Na6 7. O-O c5 8.
d5 Bg4 9. Bc4 Nc7 10. h3 Bxf3 11. Qxf3 Rb8 12. a4 a6 13. a5 e6 14. dxe6
fxe6 15. Rd1 Qe7 16. Be3 Nd7 17. Qg4 Kh8 18. Bf2 b5 19. axb6 Rxb6 20. Bb3
Nb8 21. Rd2 Nc6 22. Na4 Rb4 23. Bh4 Bf6 24. Bxf6+ Rxf6 25. Rad1 Rxe4 26.
Rxd6 Rexf4 27. Qg5 R4f5 28. Qe3 Nd4 29. Rb6 Qf8 30. c3 Nxb3 31. Rxb3 Nd5
32. Qg3 Nf4 33. Kh2 Rd5 34. Rxd5 exd5 35. Rb7 Qd6 36. Rb6 Qe5 37. Rxf6 Qxf6
38. Nxc5 a5 39. Nd3 Nxd3 40. Qxd3 Qe5+ 41. Qg3 Qe7 42. Qf4 Kg8 43. h4 h5
44. Qd4 Qe6 45. Kg1 Qe1+ 46. Kh2 Qe6 47. Qf4 Qe7 48. b3 Qe6 49. Qb8+ Kg7
50. Qc7+ Kg8 51. Qf4 Qe7 52. Qb8+ 1/2-1/2

[Event "21st Heart of Finland"]
[Site "Jyvaskyla FIN"]
[Date "2011.07.16"]
[Round "8"]
[White "Koykka,P"]
[Black "Sihvonen,T"]
[Result "1-0"]
[WhiteElo "2205"]
[BlackElo "2035"]
[EventDate "2011.07.11"]

1. d4 Nf6 2. c4 e5 3. dxe5 Ng4 4. e3 Nxe5 5. Nh3 Bb4+ 6. Bd2 Bxd2+ 7. Qxd2
d6 8. Nf4 O-O 9. Nc3 b6 10. Be2 Bb7 11. O-O Nbd7 12. Nfd5 a6 13. f4 Nc6 14.
Rf3 Ne7 15. Rh3 f5 16. e4 Nf6 17. Nxe7+ Qxe7 18. exf5 Rae8 19. Bd3 d5 20.
cxd5 Qc5+ 21. Qf2 Qxf2+ 22. Kxf2 b5 23. a3 Bxd5 24. Nxd5 Nxd5 25. Rf3 c5
26. b3 Re7 27. a4 Nb4 28. axb5 Nxd3+ 29. Rxd3 axb5 30. Rd5 Rc7 31. Rc1 Rfc8
32. Ke3 Kf7 33. Ke4 Rc6 34. Rc3 R8c7 35. Rc1 Kf6 36. g4 Kf7 37. Re5 Kf8 38.
Re6 c4 39. Rxc6 Rxc6 40. bxc4 bxc4 41. Rc3 h5 42. Kd5 Rc7 43. h3 h4 44.
Rxc4 Re7 45. g5 Re3 46. Rc8+ Ke7 47. g6 Rxh3 48. Rg8 Ra3 49. Rxg7+ Kf8 50.
f6 Ra6 51. Ke5 Ra5+ 52. Ke6 Ra6+ 53. Kf5 Ra5+ 54. Kg4 Ra6 55. Kg5 1-0

[Event "21st Heart of Finland"]
[Site "Jyvaskyla FIN"]
[Date "2011.07.16"]
[Round "8"]
[White "Koivusalo,V"]
[Black "Kivimaki,Ja"]
[Result "0-1"]
[WhiteElo "1926"]
[BlackElo "2190"]
[EventDate "2011.07.11"]

1. Nf3 d5 2. d4 c5 3. g3 e6 4. Bg2 Nf6 5. O-O b5 6. Bg5 h6 7. Bxf6 Qxf6 8.
Re1 Bb7 9. c3 Nd7 10. a4 a6 11. axb5 axb5 12. Rxa8+ Bxa8 13. Qb3 Bc6 14.
Nbd2 c4 15. Qc2 Bd6 16. e4 Qd8 17. exd5 Bxd5 18. Ne4 Be7 19. Ra1 O-O 20.
Ra7 Nf6 21. Ned2 Bd6 22. Ne5 Bxg2 23. Kxg2 Bxe5 24. dxe5 Qb8 25. Ra5 Qxe5
26. Nf3 Qd5 27. Qe2 Ra8 28. Rxa8+ Qxa8 29. Qe5 Ne4 30. Kf1 Qa1+ 31. Kg2 Qa8
32. Kf1 Qd5 33. Qb8+ Kh7 34. Nd4 Nd6 35. h4 e5 36. Nc2 Ne4 37. Qc8 Qd3+ 38.
Kg2 Nxc3 0-1

[Event "21st Heart of Finland"]
[Site "Jyvaskyla FIN"]
[Date "2011.07.16"]
[Round "8"]
[White "Kuzevanova,E"]
[Black "Miednikova,S"]
[Result "1-0"]
[WhiteElo "2096"]
[BlackElo "2174"]
[EventDate "2011.07.11"]

1. e4 c5 2. Nf3 Nc6 3. d4 cxd4 4. Nxd4 Nf6 5. Nc3 d6 6. Be2 e5 7. Nb3 h6 8.
O-O Be6 9. f4 exf4 10. Bxf4 Be7 11. Qe1 Qb6+ 12. Kh1 Ne5 13. Be3 Qd8 14.
Rd1 O-O 15. Nd4 Bg4 16. Nf5 a6 17. Bxg4 Nfxg4 18. Nd5 Bg5 19. Bb6 Qd7 20.
Nc7 Nc4 21. Nxa8 Rxa8 22. Qc3 Nge5 23. Nxd6 Qe6 24. Nxc4 Nxc4 25. Bd4 Rc8
26. Qd3 Rd8 27. Qe2 Re8 28. b3 Nd6 29. e5 Nf5 30. Qf3 Nh4 31. Qxb7 Re7 32.
Qe4 f5 33. Qd3 f4 34. Bc5 f3 35. gxf3 Qh3 36. Qd5+ Kh8 37. f4 Rd7 38. Qa8+
Bd8 39. Bd6 Kh7 40. Qe4+ g6 41. c4 Rf7 42. e6 Rf6 43. Qb7+ Kg8 44. Be5 1-0